| 000 | 00545nam a22001337a 4500 | ||
|---|---|---|---|
| 999 |
_c38563 _d38563 |
||
| 082 | _aRG.0241 | ||
| 100 |
_aGaan, Niharika _uManagement Development Institute Murshidabad _vMurshidabad - West Bengal |
||
| 245 |
_aGender Violence : _bCaste, Ethnicity, Religion and Regional Dimensions / _c Niharika Gaan and Bony Dasgupta |
||
| 260 |
_aMurshidabad, West Bengal: _bIndian Council of Social Science Research, _c2015 |
||
| 300 | _aVI, 235p. | ||
| 536 | _aIndian Council of Social Science Research (ICSSR) | ||
| 700 | _aDasgupta, Bony | ||
| 942 |
_2ddc _cRP |
||